000 00511nam a22001697a 4500
003 OSt
005 20260302101604.0
008 260302b |||||||| |||| 00| 0 eng d
040 _cMRSPTU
041 _aENG
100 _aAnkit Bisla, Supervisor: Dr. Balkrishan
245 _aStudy of Properties Flyash Light Weight Bricks
260 _bDepartment of Civil Engg. MRSPTU, Bathinda
_c2014
650 _aCivil Engineering
856 _uhttp://163.47.215.52:8080/jspui/handle/123456789/1133
942 _2ddc
_cTH
_n0
999 _c11026
_d11026